00561nam a2200157Ia 4500008004100000082001800041100001500059245004500074260002000119300000800139630004500147730004500192942000900237999001900246952013800265100122s9999 xx 000 0 und d b35116a922.94 aVIVEKANAND aTHE COMPLETE WORKS OF SWAMY VIVEKANAND-4 bADVAITA ASHRAMA a535 aTHE COMPLETE WORKS OF SWAMY VIVEKANAND-4 aTHE COMPLETE WORKS OF SWAMY VIVEKANAND-4 cBOOK c371064d371061 00104070aSVPPARLEbSVPPARLEd1983-08-28g15.00l0o35116pSVPPARLE-35116r2010-01-25 00:00:00v15.00w2010-01-25yBOOKz", , , NA"